Statistics for 7 Largest cities in Algeria

Click here to take the quiz!

General Stats

  • This quiz has been taken 65 times
  • The average score is 4 of 7

Answer Stats

Population Answer % Correct
5,000,000Algiers
100%
1,454,078Oran
76%
938,475Constantine
72%
342,703Annaba
45%
1,167,882Blida
28%
342,703Djelfa
17%
307,987Biskra
17%

Score Distribution

Percentile by Number Answered

Percent of People with Each Score

Your Score History

You have not taken this quiz